<?xml version="1.0" encoding="UTF-8"?>
<record
    xmlns:xsi="http://www.w3.org/2001/XMLSchema-instance"
    xsi:schemaLocation="http://www.loc.gov/MARC21/slim http://www.loc.gov/standards/marcxml/schema/MARC21slim.xsd"
    xmlns="http://www.loc.gov/MARC21/slim">

  <leader>00803nab a22001937a 4500</leader>
  <controlfield tag="003">BPK</controlfield>
  <controlfield tag="005">20160604115517.0</controlfield>
  <controlfield tag="008">160311b1977    pl ||||| |||| 00| ||pol  </controlfield>
  <datafield tag="040" ind1=" " ind2=" ">
    <subfield code="c">BPK</subfield>
  </datafield>
  <datafield tag="080" ind1=" " ind2=" ">
    <subfield code="a">796</subfield>
  </datafield>
  <datafield tag="100" ind1=" " ind2=" ">
    <subfield code="a">WOJCIECHOWSKI, Leszek.</subfield>
    <subfield code="d">1968 - 1996.</subfield>
    <subfield code="b">Wy&#x17C;sza Szko&#x142;a In&#x17C;ynierska w Koszalinie - Studium Wychowania Fizycznego i Sportu</subfield>
  </datafield>
  <datafield tag="245" ind1=" " ind2=" ">
    <subfield code="a">Z bada&#x144; sprawno&#x15B;ci fizycznej studentek Wy&#x17C;szej Szko&#x142;y In&#x17C;ynierskie w Koszalinie w uk&#x142;adzie wydzia&#x142;&#xF3;w w 1968 roku /</subfield>
    <subfield code="c">Leszek Wojciechowski.</subfield>
  </datafield>
  <datafield tag="260" ind1=" " ind2=" ">
    <subfield code="c">1977.</subfield>
  </datafield>
  <datafield tag="500" ind1=" " ind2=" ">
    <subfield code="a">Dane z kartoteki bpp.</subfield>
  </datafield>
  <datafield tag="650" ind1=" " ind2="0">
    <subfield code="a">Studenci - kultura fizyczna.</subfield>
  </datafield>
  <datafield tag="650" ind1=" " ind2="0">
    <subfield code="a">Sprawno&#x15B;&#x107; fizyczna.</subfield>
  </datafield>
  <datafield tag="773" ind1=" " ind2=" ">
    <subfield code="i">W :</subfield>
    <subfield code="t">Prace Naukowe Politechniki Wroc&#x142;awskiej Instytutu Organizacji i Zarz&#x105;dzania. -</subfield>
    <subfield code="g">1977, nr 17, s. 131-136</subfield>
  </datafield>
  <datafield tag="942" ind1=" " ind2=" ">
    <subfield code="c">ART</subfield>
    <subfield code="2">UKD</subfield>
  </datafield>
  <datafield tag="999" ind1=" " ind2=" ">
    <subfield code="c">7575</subfield>
    <subfield code="d">7575</subfield>
  </datafield>
</record>
